Statistics for U.S. States that Start with N

Click here to take the quiz!

General Stats

  • This quiz has been taken 35,393 times
  • The average score is 7 of 8

Answer Stats

State % Correct
New York
92%
North Dakota
89%
North Carolina
88%
Nebraska
87%
New Mexico
86%
Nevada
86%
New Jersey
84%
New Hampshire
83%

Score Distribution

Percentile by Number Answered

Percent of People with Each Score

Your Score History

You have not taken this quiz